03864cam a22018014i 4500003000900000005001700009008004100026020001500067020001800082035002000100040003300120082002000153082002000173100002600193245004200219250002100261264005100282300005500333336002100388337002500409338002300434500002400457504003900481504003500520505028800555526000900843526000900852526001000861526001000871526001000881526001000891526001000901526001000911526001000921526001000931526001000941526001000951526001000961526001000971526001000981526001000991526001001001526001001011526001001021526001001031526001001041526001001051526001001061526001001071526001001081526001001091526001001101526001001111526001001121526001001131526001001141526001001151526001001161526001001171526001001181526001001191526001001201526001001211526001001221526001001231526001001241526001001251526001001261526001001271526001001281526001001291526001001301526000901311526000901320526000901329526000901338526000901347526000901356526000901365526000901374526000901383526000901392526000901401526000901410526000901419526000901428526000901437526000901446526000901455526000901464526000901473526000901482526000901491526000901500526000901509526000901518526000901527526000901536526000901545526000901554526000901563526000901572526000901581526000901590526001001599526000901609526000901618526000901627526000901636526000901645526000901654526000901663526000801672526000801680526000801688526000801696526000801704526000801712526000801720526000801728526000801736526000801744526000801752526000801760526000801768526000801776526000901784526000801793526000801801526000801809526000801817526000801825526000901833526000801842526000801850526000801858526000801866526000801874526000901882526000801891526000801899526000901907526000801916526000801924526000801932526000801940526003701948541001701985650001802002650001402020650001302034650001502047PE-LiUPU20250813165502.0171204s2015    mx      r     000 0 spa d  a607151262X  a9786071512628  a(Sirsi) a240255  aPE-LiUPUbspacPE-LiUPUerda04a610.73bM9922104a610.73bM992231 aMyers, Ehren,eautor.10aNotas de enfermería /cEhren Myers.  aCuarta edición 1aMéxico :bMcGraw-Hill Interamericana,c2015.  a245 páginas :bilustraciones ;c10 centímetros  atext2rdacontent  aunmediated2rdamedia  avolume2rdacarrier  aManual de bolsillo.  aBibliografía: páginas 239-240.  aíndice: páginas 242 - 245.0 aProtocolo CPR, ACLS, PALS y NRP -- Referencias a NCLEX -- Interpretaciónes de ECG de 12 derivaciones -- Evaluación física mejorada -- Medicamentos de emergencia -- Educación del paciente / Seguridad -- Emergencias médicas y en en traumatología -- Cobertura en Ob/Ped/Geri  aP203  aP200  aSEG65  aSEG64  aSEG63  aSEG62  aSEG61  aSEG60  aSEG59  aSEG58  aSEG57  aSEG56  aSEG55  aSEG54  aSEG53  aSEG52  aSEG51  aSEG50  aSEG49  aSEG48  aSEG47  aSEG46  aSEG24  aSEG23  aSEG22  aSEG21  aSEG20  aSEG19  aSEG18  aSEG17  aSEG16  aSEG14  aSEG13  aSEG12  aSEG11  aSEG10  aSEG09  aSEG06  aSEG05  aSEG04  aSEG03  aSEG02  aSEG68  aSEG66  aSEG45  aSEG25  aSEG01  aP163  aP162  aP161  aP160  aP159  aP158  aP157  aP156  aP155  aP154  aP153  aP152  aP151  aP150  aP149  aP142  aP141  aP140  aP139  aP138  aP137  aP132  aP131  aP130  aP126  aP125  aP124  aP123  aP115  aP122  aP121  aP116  a P114  aP112  aP111  aP104  aP103  aP102  aP101  aP100  aP96  aP95  aP93  aP92  aP91  aP88  aP83  aP82  aP79  aP78  aP75  aP74  aP71  aP69  a P51  aP49  aP48  aP47  aP33  aP31  a P30  aP29  aP27  aP26  aP25  aP24  a P22  aP10  aP09  a P08  aP06  aP05  aP04  aP01  iPrograma académico :5PE-LiUPU  g0001-000549;04aEnfermería.04aManuales.04aNursing.04aHandbooks.